LEADER 01246nam a2200289 u 4500 001 000000044966 003 CaOOAMICUS 005 20070226114617.0 008 990514s1982 fr u000 u fre u 020 $a9232020467 035 $a10823175 040 $aPUL(R)$bita$dPUL(R) 100 1 $aMahtar M'Bow, Amadou.$0(OLS)http://pul/name/32797 245 10$aAux sources du futur :$bla problematique mondiale et les missions de l'Unesco /$cAmadou-Mahtar M'Bow. 260 $aParis :$bUNESCO,$c1982. 300 $a123 p. ;$c23 cm 500 $aTesto pubblicato dall'Organizzazione delle Nazioni Unite per l'educazione, la scienza e la cultura. 500 $aContiene indice. 650 4$aEconomia.$0(OLS)http://pul/subject/1893 710 2 $aUnesco.$0(OLS)http://pul/name/5180 850 $aPUL 852 $aPUL$W1$xDP1 Cons. Gen., Altre Classi 1$y22$m45 N 74$j60450$nBK-PRI$b $qStampati$B60450$CPULBib$Z2$F60450 $H $81 941 1 $a8 961 $aINV: 66868 996 $6020$a9232020467$9(OLS)http://pul/number/56107 996 $6245$aAux sources du futur :$bla problematique mondiale et les missions de l'Unesco$9(OLS)http://pul/title/60637 996 $6260$aParis :$bUNESCO$9(OLS)http://pul/publisher/58981 LEADER 01350nam a2200301 a 4500 001 000000107255 003 CaOOAMICUS 005 20140116113558.0 008 071001s1998 it 000 b ita r 040 $aPUG$bita 245 03$aIl potere e la grazia :$battualitą di sant'Agostino /$c[a cura di Lorenzo Cappelletti e Maria Pia Comunale]. 260 $aRoma :$bOmicron Nuova,$c1998. 300 $a195 p. ;$c23 cm 490 1 $aI libri di 30 giorni 600 04$aAugustinus,$cs., vesc. d'Ippona,$d354-430.$0(OLS)http://pul/subject/758 700 1 $aComunale, Maria Pia.$0(OLS)http://pul/name/65846 700 1 $aCappelletti, Lorenzo.$0(OLS)http://pul/name/47161 830 2$aI libri di 30 giorni.$0(OLS)http://pul/title/47707 850 $aPUL 852 $aPUL$W1$xSL Religione 1$y3$m24 G 51$j121870$qStampati$B120858$CPULBib$Z2$F120858 $H78563 $82 852 $aPUL$W1$xDP1 Fondo E. Rossi$y115$m3 A 278$j158026$a2. copia$qFondi$B157427$CPULBib$Z2$F157427 $82 941 1 $a8 941 1 $a1 960 $aAgostino,$cs., vesc. d'Ippona,$d354-430$9758 961 $aSul dorso collocazione ms. di E. Rossi: CP 93 2 996 $6245$aIl potere e la grazia :$battualitą di sant'Agostino$9(OLS)http://pul/title/135065 996 $6260$aRoma :$bOmicron Nuova$9(OLS)http://pul/publisher/79428